[Event "Pristina op"]
[Site "Pristina"]
[Date "2019.06.29"]
[Round "2"]
[White "Pasko, Llambi"]
[Black "Helshani, Sheremet"]
[Result "1-0"]
[WhiteElo "2432"]
[BlackElo "2007"]
[PlyCount "41"]
[EventDate "2019.06.28"]
[EventType "swiss"]
[EventRounds "9"]
[EventCountry "KOS"]
[SourceTitle "CBM 191 Extra"]
[Source "ChessBase"]
[SourceDate "2019.09.30"]
[SourceVersion "1"]
[SourceVersionDate "2019.09.30"]
[SourceQuality "1"]

1. d4 d5 2. c4 Nf6 3. Nc3 e6 4. Nf3 Be7 5. Bf4 c6 6. e3 0-0 7. h3 Nbd7 8. Bd3 Nb6 9. c5 Nbd7 10. 0-0 b6 11. b4 a5 12. a3 Ba6 13. Bxa6 Rxa6 14. b5 Ra7 15. bxc6 Nxc5 16. dxc5 bxc5 17. Nb5 Ra8 18. Rb1 Ne4 19. Ne5 f6 20. Nd7 Re8 21. Nc7 1-0